[Event "Valdepenas U2200 op 2nd"]
[Site "Valdepenas"]
[Date "2020.07.25"]
[Round "2.2"]
[White "Alfaya Marcelo, Roberto"]
[Black "Manas Garcia Mascaraque, Ramon"]
[Result "1-0"]
[WhiteElo "2158"]
[BlackElo "1946"]
[PlyCount "141"]
[EventDate "2020.07.25"]
[EventType "swiss (rapid)"]
[EventRounds "7"]
[EventCountry "ESP"]
[SourceTitle "EXT 2024"]
[Source "ChessBase"]
[SourceDate "2023.10.10"]
[SourceVersion "1"]
[SourceVersionDate "2023.10.10"]
[SourceQuality "1"]

1. d4 d5 2. c4 c6 3. Nc3 Nf6 4. Nf3 dxc4 5. a4 Bf5 6. Ne5 Nbd7 7. Nxc4 Nb6 8. e3 Nxc4 9. Bxc4 e6 10. 0-0 Be7 11. Qe2 Ne4 12. f3 Nxc3 13. bxc3 0-0 14. e4 Bg6 15. Be3 Qc7 16. Ba2 Rfd8 17. Rfb1 c5 18. Rb5 cxd4 19. cxd4 Bf6 20. Rc1 Qd7 21. d5 Rac8 22. Rcb1 b6 23. dxe6 fxe6 24. a5 bxa5 25. Rb7 Qd6 26. Rxa7 Bd4 27. Rxa5 Bxe3+ 28. Qxe3 Rc2 29. Bb3 Qd1+ 30. Qe1 Qxe1+ 31. Rxe1 Rc6 32. Re2 h6 33. Ra7 Bf7 34. Kf2 Rdc8 35. Rd2 R8c7 36. Rd8+ Kh7 37. Rxc7 Rxc7 38. Rd6 Re7 39. Ke3 g6 40. Rb6 Kg7 41. f4 g5 42. g3 Bg8 43. Kd4 gxf4 44. gxf4 e5+ 45. fxe5 Bxb3 46. Rxb3 Rd7+ 47. Ke3 Kg6 48. Rb6+ Kg5 49. e6 Ra7 50. Rd6 Kf6 51. Kf4 Ra4 52. h4 h5 53. Rd5 Kxe6 54. Rxh5 Ra1 55. Rh6+ Kf7 56. Kf5 Rf1+ 57. Ke5 Rh1 58. h5 Kg7 59. Rg6+ Kf7 60. Rg5 Rh2 61. Kd6 Rd2+ 62. Rd5 Rh2 63. e5 Re2 64. Kd7 Re1 65. h6 Re2 66. h7 Rh2 67. e6+ Kf6 68. e7 Rxh7 69. Rd6+ Ke5 70. Re6+ Kd5 71. Re1 1-0